00364nam a2200121 a 450000500170000000800410001704000250005804100080008304400070009124500960009826000380019430000100023220150106151749.0140130b2007 ck ||||| |||| 00| 0 spa d aCO-BoIAVHcCO-BoIAVH aspa ack aManejo general de aves rapaces en cautiveriobAdaptado del Manual de manejo de aves rapaces aBogotábIAVHbCorpochivorc2007 a39 h.